000
00262nam a2200109Ia 4500
008
190216s9999||||xx |||||||||||||| ||und||
100
_a
Jhingan M L
245
0
_a
Econmics Of Development And Planning
260
_b
Vrinda Pub
_c
1997
300
_a
864p
942
_c
BK
999
_c
10684
_d
10684